[Event "English Open Championship 2024"]
[Site "Holiday Inn, 212 Abbey End, Kenilworth CV8 1ED, United Kingdom"]
[Date "2024.06.20"]
[Round "2.14"]
[White "Okhai, Shabir"]
[Black "Sefton, Adam"]
[Result "0-1"]
[TimeControl "G90 + 30secs/move"]
[WhiteFideId "445134"]
[BlackFideId "343400965"]
[WhiteElo "2099"]
[BlackElo "1850"]

1. e4 {[%clk 01:30:58]} c5 {[%clk 01:30:40]} {[%emt 00:00:21]} 2. Nf3 {[%clk
01:31:23]} {[%emt 00:00:05]} d6 {[%clk 01:30:51]} {[%emt 00:00:20]} 3. Bb5+
{[%clk 01:31:47]} {[%emt 00:00:04]} Nd7 {[%clk 01:31:11]} {[%emt 00:00:11]} 4.
c3 {[%clk 01:32:09]} {[%emt 00:00:08]} Ngf6 {[%clk 01:31:07]} {[%emt 00:00:33]}
5. Qe2 {[%clk 01:32:36]} {[%emt 00:00:05]} a6 {[%clk 01:28:03]} {[%emt
00:03:35]} 6. Ba4 {[%clk 01:32:21]} {[%emt 00:00:44]} b5 {[%clk 01:28:20]}
{[%emt 00:00:13]} 7. Bc2 {[%clk 01:32:46]} {[%emt 00:00:05]} Bb7 {[%clk
01:26:37]} {[%emt 00:02:13]} 8. d4 {[%clk 01:32:36]} {[%emt 00:00:39]} e6
{[%clk 01:26:04]} {[%emt 00:01:03]} 9. O-O {[%clk 01:32:28]} {[%emt 00:00:38]}
Be7 {[%clk 01:25:50]} {[%emt 00:00:44]} 10. a4 {[%clk 01:32:34]} {[%emt
00:00:24]} O-O {[%clk 01:25:25]} {[%emt 00:00:55]} 11. Re1 {[%clk 01:32:41]}
{[%emt 00:00:23]} Qb6 {[%clk 01:24:17]} {[%emt 00:01:38]} 12. Na3 {[%clk
01:30:19]} {[%emt 00:02:52]} bxa4 {[%clk 01:19:25]} {[%emt 00:05:23]} 13. Nc4
{[%clk 01:23:03]} {[%emt 00:07:45]} Qc7 {[%clk 01:17:47]} {[%emt 00:02:08]} 14.
e5 {[%clk 01:18:46]} {[%emt 00:04:47]} dxe5 {[%clk 01:06:43]} {[%emt 00:11:35]}
15. dxe5 {[%clk 01:18:22]} {[%emt 00:00:53]} Ne8 {[%clk 01:04:57]} {[%emt
00:02:16]} 16. Rxa4 {[%clk 01:09:59]} {[%emt 00:08:54]} Bc6 {[%clk 01:01:02]}
{[%emt 00:04:25]} 17. Ra1 {[%clk 01:08:53]} {[%emt 00:01:35]} Nb6 {[%clk
00:59:45]} {[%emt 00:01:47]} 18. Na5 {[%clk 01:07:28]} {[%emt 00:01:55]} Bd7
{[%clk 00:53:41]} {[%emt 00:06:34]} 19. Bg5 {[%clk 01:00:28]} {[%emt 00:07:30]}
f6 {[%clk 00:50:46]} {[%emt 00:03:25]} 20. exf6 {[%clk 00:56:11]} {[%emt
00:04:46]} Nxf6 {[%clk 00:50:20]} {[%emt 00:00:57]} 21. Bb3 {[%clk 00:54:06]}
{[%emt 00:02:35]} Nbd5 {[%clk 00:49:18]} {[%emt 00:01:32]} 22. Ne5 {[%clk
00:50:46]} {[%emt 00:03:50]} Be8 {[%clk 00:49:17]} {[%emt 00:00:32]} 23. Nec6
{[%clk 00:46:55]} {[%emt 00:04:20]} Bd6 {[%clk 00:42:59]} {[%emt 00:06:48]} 24.
Qxe6+ {[%clk 00:46:24]} {[%emt 00:01:01]} Bf7 {[%clk 00:43:15]} {[%emt
00:00:14]} 25. Qh3 {[%clk 00:46:01]} {[%emt 00:00:53]} Kh8 {[%clk 00:41:44]}
{[%emt 00:02:01]} 26. Bc2 {[%clk 00:37:49]} {[%emt 00:08:41]} Be8 {[%clk
00:40:24]} {[%emt 00:01:51]} 27. c4 {[%clk 00:34:45]} {[%emt 00:03:34]} Nf4
{[%clk 00:38:14]} {[%emt 00:02:40]} 28. Bxf4 {[%clk 00:33:48]} {[%emt
00:01:27]} Bxf4 {[%clk 00:37:06]} {[%emt 00:01:38]} 29. Re7 {[%clk 00:30:23]}
{[%emt 00:03:55]} Bd7 {[%clk 00:36:58]} {[%emt 00:00:38]} 30. Qh4 {[%clk
00:26:23]} {[%emt 00:04:29]} Bd6 {[%clk 00:37:00]} {[%emt 00:00:29]} 31. Rxd7
{[%clk 00:20:03]} {[%emt 00:06:50]} Qxd7 {[%clk 00:36:29]} {[%emt 00:01:01]} 32.
Rd1 {[%clk 00:19:10]} {[%emt 00:02:30]} Rfe8 {[%clk 00:29:40]} {[%emt
00:07:16]} 33. g3 {[%clk 00:17:58]} {[%emt 00:01:45]} Re2 {[%clk 00:27:58]}
{[%emt 00:02:12]} 34. Bd3 {[%clk 00:13:52]} {[%emt 00:04:37]} Rxb2 {[%clk
00:27:02]} {[%emt 00:01:26]} 35. Bf1 {[%clk 00:12:07]} {[%emt 00:02:15]} Bxg3
{[%clk 00:24:52]} {[%emt 00:02:40]} 36. hxg3 {[%clk 00:08:08]} {[%emt
00:04:30]} Qxd1 {[%clk 00:25:11]} {[%emt 00:00:10]} 37. Ne5 {[%clk 00:08:30]}
{[%emt 00:00:08]} Qe1 {[%clk 00:23:35]} {[%emt 00:02:06]} 38. Nf7+ {[%clk
00:07:59]} {[%emt 00:01:01]} Kg8 {[%clk 00:23:49]} {[%emt 00:00:16]} 39. Nh6+
{[%clk 00:08:27]} {[%emt 00:00:02]} gxh6 {[%clk 00:21:21]} {[%emt 00:02:58]} 40.
Qxf6 {[%clk 00:08:52]} {[%emt 00:00:06]} Rb1 {[%clk 00:21:46]} {[%emt
00:00:05]} 41. Kh2 {[%emt 00:00:20]} Rf8 {[%clk 00:22:11]} 0-1

[Event "English Open Championship 2024"]
[Site "Holiday Inn, 212 Abbey End, Kenilworth CV8 1ED, United Kingdom"]
[Date "2024.06.20"]
[Round "2.15"]
[White "Murawski, Jan"]
[Black "Mehrafarin, Amirabbas"]
[Result "1-0"]
[TimeControl "G90 + 30secs/move"]
[WhiteClock "00:04:47"]
[BlackClock "00:02:00"]
[WhiteFideId "21009287"]
[BlackFideId "12506966"]
[WhiteElo "2134"]
[BlackElo "1825"]

1. d4 {[%clk 01:30:57]} {[%emt 00:00:02]} Nf6 {[%clk 01:30:33]} {[%emt
00:00:26]} 2. c4 {[%clk 01:31:25]} {[%emt 00:00:03]} e6 {[%clk 01:30:41]}
{[%emt 00:00:22]} 3. Nc3 {[%clk 01:31:41]} {[%emt 00:00:14]} Bb4 {[%clk
01:30:31]} {[%emt 00:00:39]} 4. Nf3 {[%clk 01:32:10]} {[%emt 00:00:03]} c5
{[%clk 01:24:30]} {[%emt 00:06:30]} 5. g3 {[%clk 01:31:17]} {[%emt 00:01:22]}
Ne4 {[%clk 01:16:30]} {[%emt 00:08:29]} 6. Qc2 {[%clk 01:30:41]} {[%emt
00:01:07]} f5 {[%clk 01:10:39]} {[%emt 00:06:22]} 7. Bg2 {[%clk 01:29:56]}
{[%emt 00:01:14]} Nc6 {[%clk 01:10:36]} {[%emt 00:00:34]} 8. O-O {[%clk
01:26:52]} {[%emt 00:03:34]} Bxc3 {[%clk 01:07:30]} {[%emt 00:03:36]} 9. bxc3
{[%clk 01:26:07]} {[%emt 00:01:15]} O-O {[%clk 00:58:35]} {[%emt 00:09:24]} 10.
Ne5 {[%clk 01:14:33]} {[%emt 00:12:04]} d5 {[%clk 00:57:25]} {[%emt 00:01:41]}
11. Nxc6 {[%clk 01:12:03]} {[%emt 00:03:00]} bxc6 {[%clk 00:56:58]} {[%emt
00:00:56]} 12. cxd5 {[%clk 01:04:42]} {[%emt 00:07:53]} exd5 {[%clk 00:50:40]}
{[%emt 00:06:48]} 13. f3 {[%clk 01:02:21]} {[%emt 00:02:51]} Nd6 {[%clk
00:46:04]} {[%emt 00:05:05]} 14. dxc5 {[%clk 01:01:22]} {[%emt 00:01:29]} Nc4
{[%clk 00:44:56]} {[%emt 00:01:31]} 15. e4 {[%clk 00:53:45]} {[%emt 00:08:14]}
Qe7 {[%clk 00:37:05]} {[%emt 00:08:22]} 16. exd5 {[%clk 00:52:21]} {[%emt
00:01:53]} Qxc5+ {[%clk 00:37:24]} {[%emt 00:00:11]} 17. Qf2 {[%clk 00:52:48]}
{[%emt 00:00:03]} Qxf2+ {[%clk 00:35:21]} {[%emt 00:02:33]} 18. Kxf2 {[%clk
00:53:10]} {[%emt 00:00:08]} cxd5 {[%clk 00:35:36]} {[%emt 00:00:14]} 19. f4
{[%clk 00:52:15]} {[%emt 00:01:25]} Be6 {[%clk 00:34:14]} {[%emt 00:01:53]} 20.
Be3 {[%clk 00:42:20]} {[%emt 00:10:25]} Nxe3 {[%clk 00:21:26]} {[%emt
00:13:18]} 21. Kxe3 {[%clk 00:42:48]} {[%emt 00:00:02]} Rac8 {[%clk 00:21:00]}
{[%emt 00:00:56]} 22. Rfc1 {[%clk 00:40:45]} {[%emt 00:02:33]} Rc4 {[%clk
00:16:23]} {[%emt 00:05:07]} 23. Bf1 {[%clk 00:32:32]} {[%emt 00:08:42]} Ra4
{[%clk 00:12:56]} {[%emt 00:03:58]} 24. Bb5 {[%clk 00:29:28]} {[%emt 00:03:34]}
Ra3 {[%clk 00:12:07]} {[%emt 00:01:19]} 25. Rc2 {[%clk 00:23:34]} {[%emt
00:06:24]} Rc8 {[%clk 00:12:31]} {[%emt 00:00:06]} 26. Kd4 {[%clk 00:22:24]}
{[%emt 00:01:40]} Kf7 {[%clk 00:13:00]} {[%emt 00:00:01]} 27. Rb1 {[%clk
00:20:32]} {[%emt 00:02:22]} a6 {[%clk 00:13:01]} {[%emt 00:00:29]} 28. Bd3
{[%clk 00:19:52]} {[%emt 00:01:09]} Rc7 {[%clk 00:11:15]} {[%emt 00:02:17]} 29.
Rb3 {[%clk 00:18:21]} {[%emt 00:02:01]} Ra4+ {[%clk 00:10:11]} {[%emt
00:01:34]} 30. Rb4 {[%clk 00:18:50]} {[%emt 00:00:02]} Ra3 {[%clk 00:09:46]}
{[%emt 00:00:53]} 31. Rbb2 {[%clk 00:10:01]} {[%emt 00:09:20]} Kf6 {[%clk
00:08:14]} {[%emt 00:02:03]} 32. Rb6 {[%clk 00:09:08]} {[%emt 00:01:22]} Ra4+
{[%clk 00:08:38]} {[%emt 00:00:06]} 33. Ke3 {[%clk 00:09:35]} {[%emt 00:00:03]}
a5 {[%clk 00:08:15]} {[%emt 00:00:53]} 34. Re2 {[%clk 00:06:37]} {[%emt
00:03:27]} Kf7 {[%clk 00:06:11]} {[%emt 00:02:35]} 35. Bb5 {[%clk 00:00:50]}
{[%emt 00:06:17]} Re4+ {[%clk 00:01:59]} {[%emt 00:04:42]} 36. Kd2 {[%clk
00:01:19]} {[%emt 00:00:01]} Rxe2+ {[%clk 00:01:27]} {[%emt 00:01:03]} 37. Bxe2
{[%clk 00:01:47]} {[%emt 00:00:01]} d4 {[%clk 00:00:56]} {[%emt 00:01:02]} 38.
cxd4 {[%clk 00:02:15]} {[%emt 00:00:01]} Bxa2 {[%clk 00:01:02]} {[%emt
00:00:24]} 39. Ra6 {[%clk 00:02:33]} {[%emt 00:00:12]} Bc4 {[%clk 00:01:08]}
{[%emt 00:00:23]} 40. Rxa5 {[%clk 00:02:45]} {[%emt 00:00:19]} Bxe2 {[%clk
00:01:33]} {[%emt 00:00:05]} 41. Kxe2 {[%clk 00:03:11]} {[%emt 00:00:03]} Rc2+
{[%clk 00:01:54]} {[%emt 00:00:08]} 42. Kd3 {[%clk 00:03:14]} {[%emt 00:00:28]}
Rxh2 {[%clk 00:02:07]} {[%emt 00:00:18]} 43. Rxf5+ {[%clk 00:03:42]} {[%emt
00:00:02]} Ke6 {[%clk 00:02:14]} {[%emt 00:00:23]} 44. g4 {[%clk 00:01:17]}
{[%emt 00:02:55]} Rg2 {[%clk 00:02:17]} {[%emt 00:00:27]} 45. Re5+ {[%clk
00:01:39]} {[%emt 00:00:09]} Kd6 {[%clk 00:02:41]} {[%emt 00:00:06]} 46. g5
{[%clk 00:01:23]} {[%emt 00:00:46]} g6 {[%clk 00:02:01]} {[%emt 00:01:10]} 47.
Ra5 {[%clk 00:01:01]} {[%emt 00:00:52]} Rg1 {[%clk 00:01:55]} {[%emt 00:00:34]}
48. Ra7 {[%clk 00:00:45]} {[%emt 00:00:48]} Rd1+ {[%clk 00:01:52]} {[%emt
00:00:32]} 49. Ke3 {[%clk 00:00:53]} {[%emt 00:00:23]} Rh1 {[%clk 00:00:57]}
{[%emt 00:01:25]} 50. Ke4 {[%clk 00:00:40]} {[%emt 00:00:43]} Re1+ {[%clk
00:01:24]} {[%emt 00:00:03]} 51. Kf3 {[%clk 00:01:09]} {[%emt 00:00:01]} Rh1
{[%clk 00:01:05]} {[%emt 00:00:48]} 52. Rb7 {[%clk 00:00:51]} {[%emt 00:00:50]}
Kc6 {[%clk 00:00:53]} {[%emt 00:00:42]} 53. Rf7 {[%clk 00:01:03]} {[%emt
00:00:18]} Kd5 {[%clk 00:01:16]} {[%emt 00:00:07]} 54. Rd7+ {[%clk 00:01:29]}
{[%emt 00:00:04]} Ke6 {[%clk 00:01:34]} {[%emt 00:00:11]} 55. Rd8 {[%clk
00:01:52]} {[%emt 00:00:08]} Ke7 {[%clk 00:01:47]} {[%emt 00:00:16]} 56. Rh8
{[%clk 00:01:42]} {[%emt 00:00:41]} Ke6 {[%clk 00:01:57]} {[%emt 00:00:20]} 57.
Ke3 {[%clk 00:01:28]} {[%emt 00:00:44]} Re1+ {[%clk 00:02:19]} {[%emt
00:00:08]} 58. Kd3 {[%clk 00:01:03]} {[%emt 00:00:56]} Rd1+ {[%clk 00:02:28]}
{[%emt 00:00:20]} 59. Kc3 {[%clk 00:01:31]} {[%emt 00:00:02]} Rc1+ {[%clk
00:02:45]} {[%emt 00:00:13]} 60. Kd2 {[%clk 00:02:00]} {[%emt 00:00:01]} Rh1
{[%clk 00:03:04]} {[%emt 00:00:12]} 61. Ke2 {[%clk 00:01:49]} {[%emt 00:00:40]}
Rh2+ {[%clk 00:03:10]} {[%emt 00:00:24]} 62. Kf3 {[%clk 00:01:41]} {[%emt
00:00:38]} Rh1 {[%clk 00:03:14]} {[%emt 00:00:24]} 63. Rd8 {[%clk 00:01:07]}
{[%emt 00:01:07]} Ke7 {[%clk 00:03:23]} {[%emt 00:00:21]} 64. Ra8 {[%clk
00:00:55]} {[%emt 00:00:42]} Ke6 {[%clk 00:03:26]} {[%emt 00:00:26]} 65. Ra5
{[%clk 00:00:42]} {[%emt 00:00:44]} Rd1 {[%clk 00:02:42]} {[%emt 00:01:14]} 66.
Ra6+ {[%clk 00:00:47]} {[%emt 00:00:26]} Kd5 {[%clk 00:02:44]} {[%emt
00:00:26]} 67. Ra7 {[%clk 00:01:15]} {[%emt 00:00:03]} Rh1 {[%clk 00:02:50]}
{[%emt 00:00:23]} 68. Kg2 {[%clk 00:01:10]} {[%emt 00:00:36]} Rh4 {[%clk
00:02:56]} {[%emt 00:00:22]} 69. Kg3 {[%clk 00:00:50]} {[%emt 00:00:52]} Rh1
{[%clk 00:03:11]} {[%emt 00:00:15]} 70. Rd7+ {[%clk 00:00:55]} {[%emt
00:00:25]} Ke6 {[%clk 00:03:13]} {[%emt 00:00:28]} 71. Rd8 {[%clk 00:01:24]}
{[%emt 00:00:02]} Ke7 {[%clk 00:03:14]} {[%emt 00:00:24]} 72. Rh8 {[%clk
00:01:52]} {[%emt 00:00:05]} Ke6 {[%clk 00:03:30]} {[%emt 00:00:14]} 73. Kg2
{[%clk 00:01:35]} {[%emt 00:00:47]} Rh4 {[%clk 00:03:41]} {[%emt 00:00:19]} 74.
Kf3 {[%clk 00:01:58]} {[%emt 00:00:08]} Rh1 {[%clk 00:03:47]} {[%emt 00:00:23]}
75. Ke2 {[%clk 00:02:13]} {[%emt 00:00:15]} Kf5 {[%clk 00:00:52]} {[%emt
00:03:22]} 76. d5 {[%clk 00:02:21]} {[%emt 00:00:25]} Kxf4 {[%emt 00:00:47]} 77.
d6 {[%clk 00:02:44]} {[%emt 00:00:06]} Rh2+ {[%clk 00:00:48]} {[%emt 00:00:18]}
78. Kd3 {[%clk 00:02:53]} {[%emt 00:00:22]} Rh1 {[%clk 00:01:04]} {[%emt
00:00:12]} 79. Kc2 {[%clk 00:02:37]} {[%emt 00:00:47]} Rh2+ {[%clk 00:00:55]}
{[%emt 00:00:40]} 80. Kc3 {[%clk 00:02:58]} {[%emt 00:00:09]} Rh3+ {[%clk
00:01:01]} {[%emt 00:00:24]} 81. Kc4 {[%clk 00:02:58]} {[%emt 00:00:28]} Rh1
{[%clk 00:00:53]} {[%emt 00:00:39]} 82. d7 {[%clk 00:03:20]} {[%emt 00:00:09]}
Rd1 {[%clk 00:01:12]} {[%emt 00:00:11]} 83. d8=Q {[%clk 00:03:40]} {[%emt
00:00:10]} Rxd8 {[%clk 00:01:29]} {[%emt 00:00:13]} 84. Rxd8 {[%clk 00:04:07]}
{[%emt 00:00:03]} Kxg5 {[%clk 00:01:28]} {[%emt 00:00:31]} 85. Rd4 {[%clk
00:03:38]} {[%emt 00:00:58]} h5 {[%clk 00:01:34]} {[%emt 00:00:25]} 86. Kd3
{[%clk 00:04:00]} {[%emt 00:00:08]} h4 {[%clk 00:01:42]} {[%emt 00:00:22]} 87.
Ke3 {[%clk 00:04:23]} {[%emt 00:00:06]} Kf5 {[%clk 00:02:02]} {[%emt 00:00:11]}
88. Rxh4 {[%emt 00:00:17]} *

[Event "English Open Championship 2024"]
[Site "Holiday Inn, 212 Abbey End, Kenilworth CV8 1ED, United Kingdom"]
[Date "2024.06.20"]
[Round "2.16"]
[White "Honey, Luke"]
[Black "Fernandez, Daniel H"]
[Result "0-1"]
[TimeControl "G90 + 30secs/move"]
[WhiteFideId "343403425"]
[BlackFideId "5801605"]
[WhiteElo "2040"]
[BlackElo "2526"]

1. e4 {[%clk 01:30:57]} {[%emt 00:00:03]} c5 {[%clk 01:30:51]} {[%emt
00:00:03]} 2. Nf3 {[%clk 01:31:16]} {[%emt 00:00:17]} d6 {[%clk 01:31:09]}
{[%emt 00:00:13]} 3. d4 {[%clk 01:31:38]} {[%emt 00:00:08]} cxd4 {[%clk
01:31:27]} {[%emt 00:00:12]} 4. Nxd4 {[%clk 01:31:57]} {[%emt 00:00:10]} a6
{[%clk 01:31:36]} {[%emt 00:00:22]} 5. Nc3 {[%clk 01:31:30]} {[%emt 00:00:57]}
e6 {[%clk 01:31:46]} {[%emt 00:00:20]} 6. Be2 {[%clk 01:27:41]} {[%emt
00:04:19]} b5 {[%clk 01:31:25]} {[%emt 00:00:51]} 7. a3 {[%clk 01:26:16]}
{[%emt 00:01:54]} Nf6 {[%clk 01:30:32]} {[%emt 00:01:23]} 8. O-O {[%clk
01:23:31]} {[%emt 00:03:14]} Bb7 {[%clk 01:30:50]} {[%emt 00:00:13]} 9. Bf3
{[%clk 01:20:49]} {[%emt 00:03:13]} Nbd7 {[%clk 01:31:02]} {[%emt 00:00:18]} 10.
g3 {[%clk 01:15:27]} {[%emt 00:05:51]} g6 {[%clk 01:29:35]} {[%emt 00:01:58]}
11. Re1 {[%clk 01:14:26]} {[%emt 00:01:30]} Bg7 {[%clk 01:25:20]} {[%emt
00:04:45]} 12. Bg2 {[%clk 01:12:15]} {[%emt 00:02:41]} O-O {[%clk 01:24:39]}
{[%emt 00:01:12]} 13. f4 {[%clk 01:02:07]} {[%emt 00:10:38]} e5 {[%clk
01:22:20]} {[%emt 00:02:48]} 14. Nb3 {[%clk 01:00:31]} {[%emt 00:02:07]} Qc7
{[%clk 01:20:24]} {[%emt 00:02:24]} 15. Be3 {[%clk 00:58:22]} {[%emt 00:02:40]}
Rfe8 {[%clk 01:19:33]} {[%emt 00:01:21]} 16. Bf2 {[%clk 00:52:16]} {[%emt
00:06:37]} exf4 {[%clk 01:15:40]} {[%emt 00:04:23]} 17. gxf4 {[%clk 00:52:35]}
{[%emt 00:00:11]} Nh5 {[%clk 01:15:09]} {[%emt 00:01:00]} 18. Qd2 {[%clk
00:48:02]} {[%emt 00:05:02]} Bxc3 {[%clk 00:58:38]} {[%emt 00:17:02]} 19. bxc3
{[%clk 00:47:25]} {[%emt 00:01:07]} Ndf6 {[%clk 00:59:06]} {[%emt 00:00:02]} 20.
Qd4 {[%clk 00:43:59]} {[%emt 00:03:56]} Rac8 {[%clk 00:59:33]} {[%emt
00:00:02]} 21. Rad1 {[%clk 00:28:24]} {[%emt 00:16:05]} Ng4 {[%clk 00:57:01]}
{[%emt 00:03:02]} 22. Rd3 {[%clk 00:22:09]} {[%emt 00:06:47]} Nxf4 {[%clk
00:57:11]} {[%emt 00:00:18]} 23. Rf3 {[%clk 00:22:21]} {[%emt 00:00:18]} Nxg2
{[%clk 00:54:42]} {[%emt 00:03:00]} 24. Kxg2 {[%clk 00:22:44]} {[%emt
00:00:07]} f5 {[%clk 00:50:44]} {[%emt 00:04:28]} 25. Nd2 {[%clk 00:21:13]}
{[%emt 00:02:01]} fxe4 {[%clk 00:49:57]} {[%emt 00:01:17]} 26. Nxe4 {[%clk
00:21:26]} {[%emt 00:00:18]} Qc4 {[%clk 00:49:29]} {[%emt 00:00:56]} 27. Qxc4+
{[%clk 00:20:09]} {[%emt 00:01:48]} Rxc4 {[%clk 00:49:33]} 28. Nxd6 {[%clk
00:19:51]} {[%emt 00:01:14]} Bxf3+ {[%clk 00:49:48]} {[%emt 00:00:15]} 29. Kxf3
{[%clk 00:20:15]} {[%emt 00:00:06]} Rxe1 {[%clk 00:49:28]} {[%emt 00:00:49]} 30.
Bxe1 {[%clk 00:20:38]} {[%emt 00:00:08]} Ne5+ {[%clk 00:49:50]} {[%emt
00:00:08]} 31. Ke3 {[%clk 00:20:16]} {[%emt 00:00:53]} Ra4 {[%clk 00:50:09]}
{[%emt 00:00:10]} 32. Bg3 {[%clk 00:19:49]} {[%emt 00:00:57]} Nc4+ {[%clk
00:50:34]} {[%emt 00:00:05]} 33. Nxc4 {[%clk 00:19:42]} {[%emt 00:00:38]} Rxc4
{[%clk 00:51:01]} {[%emt 00:00:03]} 0-1

[Event "English Open Championship 2024"]
[Site "Holiday Inn, 212 Abbey End, Kenilworth CV8 1ED, United Kingdom"]
[Date "2024.06.20"]
[Round "2.17"]
[White "Quillaud, Maxime"]
[Black "Bates, Richard A"]
[Result "0-1"]
[TimeControl "G90 + 30secs/move"]
[WhiteFideId "343272007"]
[BlackFideId "403555"]
[WhiteElo "1932"]
[BlackElo "2312"]

1. c4 {[%clk 01:30:57]} {[%emt 00:00:02]} g6 {[%clk 01:30:35]} {[%emt
00:00:25]} 2. Nc3 {[%clk 01:30:52]} {[%emt 00:00:36]} Bg7 {[%clk 01:30:53]}
{[%emt 00:00:11]} 3. Nf3 {[%clk 01:31:05]} {[%emt 00:00:18]} Nf6 {[%clk
01:30:51]} {[%emt 00:00:32]} 4. g3 {[%clk 01:31:22]} {[%emt 00:00:12]} O-O
{[%clk 01:31:11]} {[%emt 00:00:10]} 5. Bg2 {[%clk 01:31:50]} {[%emt 00:00:02]}
d6 {[%clk 01:31:08]} {[%emt 00:00:33]} 6. O-O {[%clk 01:32:06]} {[%emt
00:00:14]} e5 {[%clk 01:31:05]} {[%emt 00:00:33]} 7. d3 {[%clk 01:32:26]}
{[%emt 00:00:11]} Nc6 {[%clk 01:31:11]} {[%emt 00:00:24]} 8. Rb1 {[%clk
01:31:42]} {[%emt 00:01:13]} a5 {[%clk 01:31:33]} {[%emt 00:00:07]} 9. a3
{[%clk 01:30:22]} {[%emt 00:01:51]} h6 {[%clk 01:31:24]} {[%emt 00:00:39]} 10.
b4 {[%clk 01:29:47]} {[%emt 00:01:06]} axb4 {[%clk 01:31:44]} {[%emt 00:00:10]}
11. axb4 {[%clk 01:30:15]} {[%emt 00:00:02]} Re8 {[%clk 01:31:30]} {[%emt
00:00:43]} 12. Nd2 {[%clk 01:28:59]} {[%emt 00:01:46]} Nd4 {[%clk 01:23:33]}
{[%emt 00:08:27]} 13. b5 {[%clk 01:24:19]} {[%emt 00:05:11]} h5 {[%clk
01:20:28]} {[%emt 00:03:35]} 14. h3 {[%clk 01:17:10]} {[%emt 00:07:40]} Nh7
{[%clk 01:15:53]} {[%emt 00:05:03]} 15. e3 {[%clk 01:13:55]} {[%emt 00:03:45]}
Ne6 {[%clk 01:13:53]} {[%emt 00:02:30]} 16. Bb2 {[%clk 01:10:45]} {[%emt
00:03:40]} f5 {[%clk 01:10:03]} {[%emt 00:04:20]} 17. Nd5 {[%clk 01:02:57]}
{[%emt 00:08:19]} Nf6 {[%clk 01:04:42]} {[%emt 00:05:50]} 18. Qc2 {[%clk
00:58:31]} {[%emt 00:04:57]} h4 {[%clk 00:55:53]} {[%emt 00:09:19]} 19. Kh2
{[%clk 00:55:05]} {[%emt 00:03:57]} hxg3+ {[%clk 00:55:13]} {[%emt 00:01:09]}
20. fxg3 {[%clk 00:55:28]} {[%emt 00:00:07]} Nh5 {[%clk 00:49:46]} {[%emt
00:05:57]} 21. Qd1 {[%clk 00:51:10]} {[%emt 00:04:48]} Ra2 {[%clk 00:30:42]}
{[%emt 00:19:34]} 22. Nc3 {[%clk 00:46:33]} {[%emt 00:05:07]} Ra7 {[%clk
00:21:35]} {[%emt 00:09:38]} 23. Nd5 {[%clk 00:43:59]} {[%emt 00:03:03]} Bd7
{[%clk 00:20:08]} {[%emt 00:01:57]} 24. Bc3 {[%clk 00:37:57]} {[%emt 00:06:32]}
b6 {[%clk 00:13:55]} {[%emt 00:06:44]} 25. Bf3 {[%clk 00:31:58]} {[%emt
00:06:28]} Qg5 {[%clk 00:13:06]} {[%emt 00:01:18]} 26. Rg1 {[%clk 00:29:41]}
{[%emt 00:02:48]} Nf6 {[%clk 00:11:05]} {[%emt 00:02:31]} 27. Qe2 {[%clk
00:26:25]} {[%emt 00:03:46]} Nd4 {[%clk 00:10:01]} {[%emt 00:01:34]} 28. Nxf6+
{[%clk 00:21:26]} {[%emt 00:05:30]} Bxf6 {[%clk 00:10:05]} {[%emt 00:00:25]} 29.
Bd5+ {[%clk 00:21:46]} {[%emt 00:00:11]} Kg7 {[%clk 00:09:53]} {[%emt
00:00:42]} 30. Qf2 {[%clk 00:20:47]} {[%emt 00:01:28]} Ne6 {[%clk 00:06:05]}
{[%emt 00:04:17]} 31. Rbf1 {[%clk 00:18:18]} {[%emt 00:03:00]} Nc5 {[%clk
00:04:12]} {[%emt 00:02:24]} 32. Qe2 {[%clk 00:16:27]} {[%emt 00:02:20]} Ra2
{[%clk 00:03:58]} {[%emt 00:00:44]} 33. Rb1 {[%clk 00:12:17]} {[%emt 00:04:41]}
Rh8 {[%clk 00:03:16]} {[%emt 00:01:13]} 34. Bg2 {[%clk 00:10:44]} {[%emt
00:02:03]} e4 {[%clk 00:01:48]} {[%emt 00:01:58]} 35. Bxf6+ {[%clk 00:09:55]}
{[%emt 00:01:18]} Qxf6 {[%clk 00:02:13]} {[%emt 00:00:06]} 36. d4 {[%clk
00:09:54]} {[%emt 00:00:30]} Nd3 {[%clk 00:02:15]} {[%emt 00:00:29]} 37. Rb3
{[%clk 00:08:48]} {[%emt 00:01:36]} Rha8 {[%clk 00:01:53]} {[%emt 00:00:50]} 38.
Qd1 {[%clk 00:08:10]} {[%emt 00:01:09]} Qg5 {[%clk 00:01:08]} {[%emt 00:01:15]}
39. Rxd3 {[%clk 00:06:54]} {[%emt 00:01:47]} exd3 {[%clk 00:01:31]} {[%emt
00:00:06]} 40. Bxa8 {[%clk 00:07:10]} {[%emt 00:00:15]} Qxe3 {[%clk 00:01:41]}
{[%emt 00:00:19]} 41. Rg2 {[%clk 00:07:18]} {[%emt 00:00:22]} Rxa8 {[%clk
00:01:57]} {[%emt 00:00:14]} 42. Nf3 {[%clk 00:06:51]} {[%emt 00:00:57]} Ra3
{[%clk 00:01:12]} {[%emt 00:01:16]} 43. Rd2 {[%clk 00:06:59]} {[%emt 00:00:22]}
f4 {[%clk 00:01:27]} {[%emt 00:00:16]} 44. g4 {[%clk 00:05:44]} {[%emt
00:01:43]} Rc3 {[%clk 00:01:41]} {[%emt 00:00:16]} 45. Kg2 {[%clk 00:05:24]}
{[%emt 00:00:50]} d5 {[%clk 00:00:58]} {[%emt 00:01:14]} 46. cxd5 {[%clk
00:04:57]} {[%emt 00:00:56]} Bxb5 {[%clk 00:01:19]} {[%emt 00:00:10]} 47. Qb1
{[%clk 00:04:42]} {[%emt 00:00:44]} Bc4 {[%clk 00:01:17]} {[%emt 00:00:32]} 48.
Qb2 {[%clk 00:03:54]} {[%emt 00:01:19]} Bxd5 {[%clk 00:01:10]} {[%emt
00:00:37]} 49. Qxc3 {[%clk 00:04:20]} {[%emt 00:00:03]} Qxf3+ {[%clk 00:01:34]}
{[%emt 00:00:06]} 50. Kg1 {[%clk 00:04:20]} {[%emt 00:00:31]} Qh1+ {[%clk
00:01:59]} {[%emt 00:00:04]} 51. Kf2 {[%clk 00:04:41]} {[%emt 00:00:09]} Qg2+
{[%clk 00:02:23]} {[%emt 00:00:05]} 0-1